000
00349nam a22001453 4500
001
207004
005
20250918125537.0
090
_a
207004
100
_a
20250918 ukry50
101
_a
ukr
102
_a
UA
200
_a
210
_d
2025
801
_2
unimarc
_a
UA
_g
psbo
942
_c
NEWSPAPER